Logo BPK

Biblioteka

Politechniki Koszalińskiej

Chemia organiczna. (Rekord nr 8053)

Szczegóły MARC
000 -ETYKIETA REKORDU
podpole kontrolne o stałej długości 00921nam a2200277 i 4500
001 - NUMER KONTROLNY REKORDU
pole kontrolne 8053
003 - IDENTYFIKATOR NUMERU KONTROLNEGO REKORDU
podpole kontrolne KOSZ 005
005 - DATA OSTATNIEJ MODYFIKACJI REKORDU
podpole kontrolne 20200630132817.0
008 - POLE O STAŁEJ DŁUGOŚCI - DANE KONTROLNE
podpole kontrolne o stałej długości 080129s1967 pl a f 001 0 pol
015 ## - NUMER BIBLIOGRAFII NARODOWEJ
Numer bibliografii narodowej PB 1967/6321
040 ## - ŹRÓDŁO KATALOGOWANIA
Instytucja, która sporządziła opis WA N
Instytucja, która utworzyła rekord KOSZ 005/RW
Instytucja, która dokonała modyfikacji KOSZ 005/RW
041 1# - KOD JĘZYKA
Kod języka tekstu pol
Kod języka oryginału rom
080 ## - UNIWERSALNA KLASYFIKACJA DZIESIĘTNA - UKD
UKD 547
100 1# - NAZWA OSOBOWA
Nazwa osobowa Nenitescu, C. D.
Określenie rodzaju współpracy Autor.
245 10 - TYTUŁ/ODPOWIEDZIALNOŚĆ
Tytuł Chemia organiczna.
Oznaczenie części/sekcji dzieła T. 1 /
Pozostałe elementy strefy tytułu i oznaczenia odpowiedzialności C. D. Nenitescu ; przeł. Henry Kehiaian.
246 1# - WARIANT TYTUŁU
Treść wyrażenia wprowadzającego Tyt. oryg.:
Tytuł Chimie organică
260 ## - STREFA ADRESU WYDAWNICZEGO
Miejsce wydania Warszawa :
Nazwa wydawcy/dystrybutora Państwowe Wydawnictwo Naukowe,
Data publikacji, dystrybucji/powstania dokumentu 1967.
300 ## - STREFA OPISU FIZYCZNEGO
Objętość 899, [1] s. :
Inne cechy fizyczne il., err. ;
Rozmiary 25 cm.
380 ## - FORMA I TYP PUBLIKACJI
Forma i typ publikacji Książki.
504 ## - UWAGA DOTYCZĄCA BIBLIOGRAFII
Informacje o bibliografii Indeks.
650 #4 - HASŁO PRZEDMIOTOWE W FORMIE NAZWY OGÓLNEJ LUB JEDNOSTKOWEJ
Nazwa ogólna lub geograficzna Chemia organiczna
700 1# - HASŁO DODATKOWE - NAZWA OSOBOWA
Nazwa osobowa Kehiaian, Henryk.
Określenie związku między hasłem a opisywanym materiałem Tł.
710 2# - HASŁO DODATKOWE - NAZWA CIAŁA ZBIOROWEGO
Nazwa ciała zbiorowego lub jednostki geograficznej Państwowe Wydawnictwo Naukowe
Kod określenia powiązania pbl.
856 ## - LOKALIZACJA I DOSTĘP DO ELEKTRONICZNYCH DOKUMENTÓW ZDALNYCH
Link (URL) http://koha.tu.koszalin.pl/cgi-bin/koha/opac-detail.pl?biblionumber=8053
Tekst linku Katalog online BPK
942 ## - DODATKOWE ELEMENTY (KOHA)
Schemat klasyfikacji Uniwersalna Klasyfikacja Dziesiętna
Typ dokumentu Książka
Egzemplarze
Wycofany Status egzemplarza Uszkodzony Dostępność Lokalizacja stała Lokalizacja bieżąca Miejsce przechowywania Sygnatura Kod kreskowy Typ dokumentu
      Dostępny Biblioteka Politechniki Koszalińskiej Biblioteka Politechniki Koszalińskiej Wypożyczalnia BG 4440 01479348 Książka
© 2023 Biblioteka Politechniki Koszalińskiej :: KOHA